Ars grammatica učebnica latinčiny

Bibliographic Details
Main Author: Panczová, Helena, 1975- (Author)
Format: Book
Language:Slovak
Latin
PhysicalDescription:374 s. ilustr., sch., tab. 21 cm
Published: Trnava Dobrá kniha 2004
ISBN:8071414603
Edition:1. vyd.
Subjects:

MARC

LEADER 00000nam a2200000 a 4500
001 vtls008422449
003 SK-MaSNL
005 20260301123744.0
008 240318s2004 xo al d p 000 0 slo
015 |a SNBA2006/03-01365 
020 |a 8071414603  |q (brož.) 
040 |a SNK  |b slo  |c SNK  |e AACR2 
041 0 |a lat  |a slo 
044 |a xo  |c SK 
072 7 |a 811.124  |x Latinčina  |2 konspekt 
080 |a 81`36  |2 MDT-MRF 
080 |a (075.8)  |2 MDT-MRF 
080 |a 811.124  |2 MDT-MRF 
100 1 |a Panczová, Helena,  |d 1975-  |4 aut  |9 114574 
245 1 0 |a Ars grammatica  |b učebnica latinčiny  |c Helena Panczová 
250 |a 1. vyd. 
260 |a Trnava  |b Dobrá kniha  |c 2004 
300 |a 374 s.  |b ilustr., sch., tab.  |c 21 cm 
500 |a Na tit. strane uvedené miesto vyd. Bratislava 
504 |a Lat.-slov. slovník. Zvláštne skrat. 
521 |a Vyd. pre Teologickú fakultu Trnavskej univerzity v Trnave 
650 0 7 |a latinčina  |2 SNKPH  |9 3501 
650 0 7 |a gramatika  |2 SNKPH  |9 865 
655 7 |a učebnice vysokých škôl  |2 SNKPH  |9 70191 
919 |a 80-7141-460-3 
958 |a OND 
968 |d 81 
999 |c 737331  |d 739261 
952 |a SNK  |b SNK  |y PREZ  |7 0  |p 17A0493929  |o snkSC 122113  |i snk2006/278  |8 0  |0 0  |1 0  |4 0  |d 2006-01-05  |l 0  |r 2025-06-02 00:00:00  |w 2026-02-23 
952 |a SNK  |b SNK  |y VYP  |7 0  |p 17A0493928  |o snkSC 122113 D1  |i snk2006/280  |8 0  |0 0  |1 0  |4 0  |d 2006-01-05  |l 0  |r 2026-02-23 22:48:29  |w 2026-02-23